000 00484 a2200181 4500
020 _a0-07-115155-9
020 _a0-07-246523-9
040 _aDLC
_bDLC
082 _a621.310 42
100 1 _aChapman, Stephen J.
245 0 0 _aElectric machinery fundamentals
_cStephen J. Chapman
250 _a4. ed.
260 _aBoston :
_bMcGraw-Hill Higher Education,
_c2005
300 _a746 s.
650 0 _aElectric machinery
650 0 _aElectric machines
942 _cBK
_k621.31042 CHA
_2ddc
999 _c4520
_d4520